[Event "TUR-ch Seniors 65"]
[Site "Ankara"]
[Date "2023.05.25"]
[Round "7"]
[White "Ozmen, Halil Nejat"]
[Black "Cicek, Cemil"]
[Result "1-0"]
[WhiteElo "1718"]
[BlackElo "1925"]
[PlyCount "77"]
[EventDate "2023.05.19"]
[EventType "swiss"]
[EventRounds "9"]
[EventCountry "TUR"]
[SourceTitle "CBM 214 Extra"]
[Source "ChessBase"]
[SourceDate "2023.07.31"]
[SourceVersion "1"]
[SourceVersionDate "2023.07.31"]
[SourceQuality "1"]

1. d4 Nf6 2. Nf3 g6 3. g3 Bg7 4. Bg2 0-0 5. 0-0 d6 6. b3 c5 7. Bb2 Nbd7 8. e3 Rb8 9. c4 cxd4 10. Nxd4 a6 11. Nc3 Nc5 12. b4 Ne6 13. Qe2 Nxd4 14. exd4 b5 15. c5 dxc5 16. dxc5 Be6 17. Rfe1 Qc7 18. a3 Rbd8 19. Rad1 Bg4 20. f3 Be6 21. Rxd8 Rxd8 22. Rd1 Bb3 23. Rxd8+ Qxd8 24. h4 e6 25. Kh2 h5 26. Ne4 Nxe4 27. Bxg7 Kxg7 28. Qxe4 Qd2 29. Qe5+ f6 30. Qc7+ Kh6 31. Qf7 f5 32. Qg8 Qb2 33. Qf8+ Kh7 34. Qe7+ Kh6 35. c6 Bd5 36. Qd6 Qc2 37. c7 Bb7 38. Kh3 Qc3 39. Qd8 1-0

[Event "TUR-ch Seniors 65"]
[Site "Ankara"]
[Date "2023.05.20"]
[Round "2"]
[White "Yildiz, Demir Kursat"]
[Black "Ozmen, Halil Nejat"]
[Result "0-1"]
[WhiteElo "1185"]
[BlackElo "1718"]
[PlyCount "82"]
[EventDate "2023.05.19"]
[EventType "swiss"]
[EventRounds "9"]
[EventCountry "TUR"]
[SourceTitle "CBM 214 Extra"]
[Source "ChessBase"]
[SourceDate "2023.07.31"]
[SourceVersion "1"]
[SourceVersionDate "2023.07.31"]
[SourceQuality "1"]

1. e4 c5 2. Nf3 Nc6 3. c3 g6 4. d4 cxd4 5. cxd4 Bg7 6. Nc3 d6 7. Bb5 Bd7 8. 0-0 a6 9. Ba4 Nf6 10. d5 Nb8 11. Bxd7+ Nbxd7 12. Be3 0-0 13. Qb3 b5 14. Bd4 Nc5 15. Bxc5 dxc5 16. Rae1 c4 17. Qb4 Rb8 18. Ne5 Qd6 19. Qxd6 exd6 20. Nc6 Rb7 21. a3 Nd7 22. Re2 Re8 23. Rfe1 Nc5 24. Nb4 a5 25. Nc6 Ra8 26. f4 Nd3 27. Rf1 Nxb2 28. Rxb2 Bxc3 29. Rc2 b4 30. axb4 axb4 31. Nxb4 Bxb4 32. Rxc4 Bc5+ 33. Kh1 Ra2 34. e5 Rbb2 35. f5 Rxg2 36. Rh4 dxe5 37. f6 Rgf2 38. Rb1 Rxf6 39. Rc1 Bd4 40. Rc6 Rxc6 41. dxc6 Rc2 0-1

[Event "EU-chT Seniors"]
[Site "Vienna"]
[Date "2015.07.15"]
[Round "4.12"]
[White "Ozmen, Halil Nejat"]
[Black "Munninghoff, Alexander"]
[Result "1/2-1/2"]
[WhiteElo "1887"]
[BlackElo "1945"]
[PlyCount "136"]
[EventDate "2015.07.12"]
[EventType "team-swiss"]
[EventRounds "9"]
[EventCountry "AUT"]
[SourceTitle "EXT 2018"]
[Source "ChessBase"]
[SourceDate "2017.10.13"]
[SourceVersion "1"]
[SourceVersionDate "2017.10.13"]
[SourceQuality "1"]
[WhiteTeam "Turkey"]
[BlackTeam "Oranje"]
[WhiteTeamCountry "TUR"]
[BlackTeamCountry "NED"]

1. d4 Nf6 2. c4 c5 3. d5 b5 4. cxb5 a6 5. bxa6 g6 6. Nc3 Bxa6 7. e4 Bxf1 8. Kxf1 d6 9. g3 Bg7 10. Kg2 0-0 11. Nf3 Nfd7 12. a4 Na6 13. Nb5 Qb6 14. Ra3 Rfb8 15. Qe2 Nc7 16. Nxc7 Qxc7 17. b3 Nf6 18. Bb2 Rb4 19. Nd2 Nxe4 20. Bxg7 Nxd2 21. Bh6 Nxb3 22. Re1 Nd4 23. Qa2 Qb7 24. a5 Nf5 25. a6 Qb5 26. Bc1 Ra7 27. h3 Qb8 28. g4 Nd4 29. Bh6 Rb2 30. Qc4 Qb4 31. Qxb4 Rxb4 32. Rae3 e5 33. dxe6 fxe6 34. Ra1 Nc2 35. Rf3 Rb8 36. Rb1 Nb4 37. Rf6 Rxa6 38. Rxe6 Kf7 39. Rbe1 Nd5 40. R6e4 Rab6 41. Rd1 Nc3 42. Rf4+ Ke6 43. Rd3 Nb5 44. Re3+ Kd5 45. Rf7 c4 46. Rxh7 c3 47. Re1 c2 48. Rg7 Nd4 49. Rxg6 Rb1 50. Re7 Rc8 51. Rd7 Rc6 52. h4 Rd1 53. Rb7 Kc4 54. Rf6 d5 55. Rxc6+ Nxc6 56. Rc7 Kc5 57. h5 d4 58. Rd7 d3 59. Be3+ Kb5 60. Rd5+ Ka4 61. h6 Nb4 62. Rd8 d2 63. Bxd2 Rxd2 64. Rc8 Rd8 65. Rxd8 c1Q 66. h7 Qc6+ 67. Kg1 Qc1+ 68. Kg2 Qc6+ 1/2-1/2

[Event "EU-chT Seniors"]
[Site "Vienna"]
[Date "2015.07.14"]
[Round "3.13"]
[White "Ozmen, Halil Nejat"]
[Black "Teichmeister, Sven"]
[Result "1/2-1/2"]
[WhiteElo "1887"]
[BlackElo "2030"]
[PlyCount "71"]
[EventDate "2015.07.12"]
[EventType "team-swiss"]
[EventRounds "9"]
[EventCountry "AUT"]
[SourceTitle "EXT 2018"]
[Source "ChessBase"]
[SourceDate "2017.10.13"]
[SourceVersion "1"]
[SourceVersionDate "2017.10.13"]
[SourceQuality "1"]
[WhiteTeam "Turkey"]
[BlackTeam "Wien"]
[WhiteTeamCountry "TUR"]
[BlackTeamCountry "AUT"]

1. d4 Nf6 2. c4 e6 3. Nf3 Bb4+ 4. Bd2 Qe7 5. g3 0-0 6. Bg2 Bxd2+ 7. Qxd2 Ne4 8. Qc2 Qb4+ 9. Nbd2 Nxd2 10. Nxd2 Nc6 11. e3 Qe7 12. 0-0 d6 13. a3 a5 14. d5 Nb8 15. b4 e5 16. Nb3 a4 17. Nd2 Nd7 18. Rac1 b6 19. Rfe1 f5 20. Nb1 e4 21. f3 exf3 22. Bxf3 Ne5 23. Be2 c5 24. dxc6 Nxc6 25. Bf3 Bb7 26. Bd5+ Kh8 27. Nc3 Ne5 28. Qe2 Rfe8 29. Rcd1 Bxd5 30. Nxd5 Qb7 31. Rf1 Rac8 32. Rc1 b5 33. Rxf5 Nxc4 34. Rc3 Ne5 35. Rxc8 Rxc8 36. e4 1/2-1/2

[Event "TUR-chT2"]
[Site "Konya"]
[Date "2014.06.26"]
[Round "5.9"]
[White "Ozmen, Halil Nejat"]
[Black "Ozoglu, Berker"]
[Result "1-0"]
[WhiteElo "1928"]
[BlackElo "1979"]
[PlyCount "99"]
[EventDate "2014.06.23"]
[EventType "team-swiss"]
[EventRounds "9"]
[EventCountry "TUR"]
[SourceTitle "CBM 161 Extra"]
[Source "ChessBase"]
[SourceDate "2014.08.29"]
[SourceVersion "1"]
[SourceVersionDate "2014.08.29"]
[SourceQuality "1"]
[WhiteTeam "Antalya"]
[BlackTeam "Gokce"]
[WhiteTeamCountry "TUR"]
[BlackTeamCountry "TUR"]

1. d4 Nf6 2. c4 g6 3. Nc3 Bg7 4. e4 d6 5. f3 0-0 6. Bg5 h6 7. Be3 c5 8. dxc5 dxc5 9. Qxd8 Rxd8 10. Bxc5 Nc6 11. Rd1 Rxd1+ 12. Kxd1 Nd7 13. Be3 b6 14. Kc1 Ba6 15. Nb5 Rc8 16. Kb1 Nde5 17. Nh3 Nb4 18. Nxa7 Rd8 19. Nf2 Bxc4 20. a3 Bd3+ 21. Bxd3 Nbxd3 22. Rd1 Rd7 23. Nc8 Nxb2 24. Rxd7 Nxd7 25. Nxb6 Nb8 26. f4 g5 27. g3 gxf4 28. gxf4 Nc6 29. e5 f6 30. Kxb2 fxe5 31. fxe5 Bxe5+ 32. Kb3 Bxh2 33. Ng4 Bd6 34. Nxh6+ Kf8 35. a4 Ke8 36. Nf5 Bc7 37. Kc4 e6 38. Kc5 Na5 39. Nd6+ Kf8 40. Ndc4 Bxb6+ 41. Nxb6 Ke8 42. Bg5 e5 43. Kd5 Kf7 44. Kxe5 Ke8 45. Kd6 Kf7 46. Bd2 Nb7+ 47. Kc6 Nd8+ 48. Kd7 Nb7 49. Bb4 Kf6 50. Kc7 1-0

[Event "TUR-chT2"]
[Site "Konya"]
[Date "2014.06.23"]
[Round "1.2"]
[White "Ozturk, Emir"]
[Black "Ozmen, Halil Nejat"]
[Result "0-1"]
[WhiteElo "2170"]
[BlackElo "1928"]
[PlyCount "102"]
[EventDate "2014.06.23"]
[EventType "team-swiss"]
[EventRounds "9"]
[EventCountry "TUR"]
[SourceTitle "CBM 161 Extra"]
[Source "ChessBase"]
[SourceDate "2014.08.29"]
[SourceVersion "1"]
[SourceVersionDate "2014.08.29"]
[SourceQuality "1"]
[WhiteTeam "Deniz Pamukkale"]
[BlackTeam "Antalya"]
[WhiteTeamCountry "TUR"]
[BlackTeamCountry "TUR"]

1. d4 d5 2. Nf3 Nf6 3. c4 c6 4. Qc2 dxc4 5. e4 b5 6. b3 cxb3 7. axb3 e6 8. Bd2 Bb7 9. Ba5 Qc8 10. Bd3 Be7 11. 0-0 h6 12. Qe2 0-0 13. Nc3 Nbd7 14. Rac1 a6 15. e5 Ne8 16. b4 Nc7 17. Bb1 Re8 18. d5 Nxd5 19. Nxd5 exd5 20. e6 Nf8 21. exf7+ Kxf7 22. Ne5+ Kg8 23. Qf3 Qe6 24. Bc7 Bxb4 25. Nd3 Bd6 26. Bb6 Qf7 27. Qh3 Bc8 28. Qh4 Bd7 29. f4 a5 30. Bd4 Be7 31. Qg3 Bf6 32. Ne5 Qe6 33. Kh1 Rac8 34. Rce1 Bxe5 35. fxe5 c5 36. Ba1 Qg4 37. Qd3 Qe6 38. Rxf8+ Kxf8 39. Qh7 Ke7 40. Qxg7+ Kd8 41. Qg3 Kc7 42. Rf1 Rf8 43. Rc1 Kb6 44. Bc3 b4 45. Bd2 d4 46. Bd3 c4 47. Be4 c3 48. Bf4 Bc6 49. Qf2 Qc4 50. Rd1 Rcd8 51. Bd3 Qd5 0-1

[Event "Kemer Turkey Cup"]
[Site "Kemer"]
[Date "2014.02.07"]
[Round "8"]
[White "Ozmen, Halil Nejat"]
[Black "Altundal, Aram"]
[Result "1/2-1/2"]
[WhiteElo "2010"]
[BlackElo "1658"]
[PlyCount "102"]
[EventDate "2014.02.01"]
[EventType "swiss"]
[EventRounds "9"]
[EventCountry "TUR"]
[SourceTitle "CBM 158 Extra"]
[Source "ChessBase"]
[SourceDate "2014.02.28"]
[SourceVersion "1"]
[SourceVersionDate "2014.02.28"]
[SourceQuality "1"]

1. d4 Nf6 2. Bg5 e6 3. Nf3 d5 4. e3 Be7 5. c4 c6 6. Nc3 0-0 7. Bd3 Nbd7 8. 0-0 dxc4 9. Bxc4 Nb6 10. Bd3 Nfd5 11. Bxe7 Qxe7 12. Rc1 Nd7 13. Bb1 N5f6 14. Ne5 Nxe5 15. dxe5 Nd7 16. f4 f6 17. Qd3 g6 18. Ne4 fxe5 19. fxe5 Nxe5 20. Rxf8+ Qxf8 21. Qd4 Nd7 22. Rf1 Qe7 23. a3 c5 24. Qd1 b5 25. Qg4 Bb7 26. Ng5 Rf8 27. Qxe6+ Qxe6 28. Nxe6 Rxf1+ 29. Kxf1 Bd5 30. Nf4 Bf7 31. Be4 Ne5 32. Ke2 a5 33. Nd3 Bc4 34. b3 Bxd3+ 35. Bxd3 b4 36. axb4 axb4 37. Be4 g5 38. Bd5+ Kf8 39. h3 Ke7 40. Be4 h6 41. Bb7 Kd6 42. Ba6 h5 43. Kd2 Nc6 44. Kd3 Na5 45. Bc4 h4 46. Bf7 Ke5 47. Bg8 Kf5 48. Bd5 Ke5 49. Bg8 Kf5 50. Bc4 Ke5 51. Bf7 Kf5 1/2-1/2

[Event "TUR-ch"]
[Site "Antalya"]
[Date "2013.02.08"]
[Round "10"]
[White "Ozmen, Halil Nejat"]
[Black "Alaz, Ahmet Efekan"]
[Result "1/2-1/2"]
[WhiteElo "2016"]
[BlackElo "1802"]
[PlyCount "82"]
[EventDate "2013.02.02"]
[EventType "swiss"]
[EventRounds "11"]
[EventCountry "TUR"]
[SourceTitle "CBM 152 Extra"]
[Source "ChessBase"]
[SourceDate "2013.02.25"]
[SourceVersion "1"]
[SourceVersionDate "2013.02.25"]
[SourceQuality "1"]

1. d4 f5 2. c4 Nf6 3. g3 g6 4. Bg2 Bg7 5. Nf3 d6 6. 0-0 0-0 7. Nc3 c6 8. d5 Qb6 9. Rb1 Nh5 10. Be3 Qb4 11. Qb3 Qxb3 12. axb3 f4 13. Bd4 Bd7 14. Bxg7 Kxg7 15. Nd4 c5 16. Ne6+ Bxe6 17. dxe6 Nc6 18. Nd5 fxg3 19. hxg3 Nf6 20. Ra1 Rfc8 21. Ra3 Nxd5 22. Bxd5 Rc7 23. e3 Nb4 24. e4 a6 25. Raa1 Nc2 26. Rad1 Rf8 27. Rd3 Nb4 28. Rc3 Nxd5 29. exd5 Rcc8 30. Kg2 Rf6 31. Rf3 a5 32. Rb1 Rxf3 33. Kxf3 Rf8+ 34. Ke3 h5 35. Ra1 b6 36. f4 g5 37. Rb1 Kg6 38. Ke4 g4 39. Rf1 Rh8 40. Rb1 Kf6 41. Rh1 Kg6 1/2-1/2

[Event "TUR-ch"]
[Site "Antalya"]
[Date "2013.02.07"]
[Round "8"]
[White "Dogan, Mire Deniz"]
[Black "Ozmen, Halil Nejat"]
[Result "1/2-1/2"]
[WhiteElo "1768"]
[BlackElo "2016"]
[PlyCount "74"]
[EventDate "2013.02.02"]
[EventType "swiss"]
[EventRounds "11"]
[EventCountry "TUR"]
[SourceTitle "CBM 152 Extra"]
[Source "ChessBase"]
[SourceDate "2013.02.25"]
[SourceVersion "1"]
[SourceVersionDate "2013.02.25"]
[SourceQuality "1"]

1. d4 d5 2. c4 c6 3. Nc3 Nf6 4. Nf3 dxc4 5. a4 Bf5 6. e3 e6 7. Bxc4 Bb4 8. 0-0 0-0 9. Bd2 Nbd7 10. h3 Bg6 11. Re1 c5 12. Qb3 a5 13. d5 exd5 14. Bxd5 Nxd5 15. Nxd5 Bxd2 16. Nxd2 Nf6 17. Nxf6+ Qxf6 18. Nc4 Be4 19. f3 Bd5 20. Qc2 Qe6 21. Rac1 Bxc4 22. Qxc4 Qxc4 23. Rxc4 b6 24. Kf2 Rad8 25. Ke2 Rd6 26. Rd1 Rfd8 27. Rxd6 Rxd6 28. Rc3 Kf8 29. Rd3 Rg6 30. Kf2 Ke7 31. e4 h5 32. g3 Rc6 33. b3 c4 34. Rc3 Kd6 35. Ke3 cxb3 36. Rxb3 Kc7 37. Kd4 Rd6+ 1/2-1/2